Quel pays en -stan ? - Statistiques

Statistiques générales
  • Ce quiz a été pris 30 fois
  • Le résultat moyen est 11 sur 15
Statistiques - réponses
Question Réponse % Correct
A Kaboul pour capitale Afghanistan
93%
Est dirigé par les Talibans Afghanistan
90%
Est frontalier de la Russie Kazakhstan
86%
Possède le point le plus au sud Pakistan
86%
N’a jamais fait partie de l’URSS Pakistan
86%
A fait partie de l’Empire des Indes (Raj britannique) Pakistan
86%
Possède le point le plus au nord Kazakhstan
83%
Possède l’arme nucléaire Pakistan
83%
A Tachkent pour capitale Ouzbékistan
72%
Affiche des motifs de tapis traditionnels sur son drapeau Turkménistan
72%
Est le pays du personnage fictif Borat Kazakhstan
66%
Abrite le cosmodrome de Baïkonour (base de lancement) Kazakhstan
62%
Partage avec le Kazakhstan la mer d’Aral Ouzbékistan
41%
Abrite le plus long glacier du monde (hors régions polaires) Tadjikistan
41%
A connu la révolution des Tulipes Kirghizistan
21%
Aucun quiz correspondant
Distribution des résultats
% des personnes avec chaque résultat
Percentile par nombre de réponses
Votre historique - résultats
Vous n’avez pas pris ce quiz